000 00583nam a2200181Ia 4500
003 GCL
008 140319s9999 xx 000 0 ara d
040 _aGCL /
_cGCL
082 0 4 _a811.009
_bش ع
100 1 _aشاهيناز همام محمد
245 1 0 _aعاطفة الابوة فى الشعر العربى /
_cشاهيناز همام محمد
300 _a131 ص
490 _aالهيئة العامة للاستعلامات
_v0
650 0 4 _aالادب العربى
650 0 4 _aالادب
650 0 4 _aالشعر العربى - تاريخ ونقد
942 _2ddc
_cBK
999 _c49526
_d49526